Southville International School and Colleges
Your cart is empty.
  • Cart
  • Lists
    Public lists Eva Luna New books Lux_list list_1
    Your lists Log in to create your own lists
  • Log in to your account
  • Your cookies
  • Search history
Southville International School and Colleges
  • Advanced search
  • Recent comments
  • Most popular
  • Libraries

Log in to your account

Log in with GOOGLE


If you do not have an external account, but do have a local account, you can still log in:

  1. Home
  2. MARC view: My first book of bugs and spiders /
Normal view MARC view ISBD view

My first book of bugs and spiders / (Record no. 112962)

[ view plain ]
MARC details
000 -LEADER
fixed length control field 00751nam a2200193 a 4500
001 - CONTROL NUMBER
control field 4100
005 - DATE AND TIME OF LATEST TRANSACTION
control field 20140414131957.0
008 - FIXED-LENGTH DATA ELEMENTS--GENERAL INFORMATION
fixed length control field 090126s19uu xx 00 eng d
050 ## - LIBRARY OF CONGRESS CALL NUMBER
Classification number TR 595.7
Item number P54 2006
100 ## - MAIN ENTRY--PERSONAL NAME
Personal name Phillips, Dee, 1967-
245 ## - TITLE STATEMENT
Title My first book of bugs and spiders /
Statement of responsibility, etc by Dee Phillips.
260 ## - PUBLICATION, DISTRIBUTION, ETC. (IMPRINT)
Place of publication, distribution, etc Minnetonka, MN :
Name of publisher, distributor, etc Two-Can Pub.,
Date of publication, distribution, etc c2006.
300 ## - PHYSICAL DESCRIPTION
Extent 96 p. : col. ill. ; 29 cm.
500 ## - GENERAL NOTE
General note Includes index.
520 ## - SUMMARY, ETC.
Summary, etc "Introduces insects, spiders, and other invertebrates from around the world, including information about where they live, what they eat, and how they grow and survive"--Provided by publisher.
650 ## - SUBJECT ADDED ENTRY--TOPICAL TERM
Topical term or geographic name as entry element Insects
General subdivision Juvenile literature.
650 ## - SUBJECT ADDED ENTRY--TOPICAL TERM
Topical term or geographic name as entry element Spiders
General subdivision Juvenile literature.
Holdings
Withdrawn status Lost status Damaged status Home library Current library Shelving location Date acquired Source of acquisition Total Checkouts Full call number Barcode Date last seen Price effective from Koha item type
      Munich Library Munich Library Teachers Reference Section 01/26/2009     TR 595.7 P54 2006 M4387 04/14/2014 04/14/2014 Books

My first book of bugs and spiders /

APA

Phillips D. 1., . (2006). My first book of bugs and spiders. Minnetonka, MN: Two-Can Pub.

Chicago

Phillips Dee 1967, . 2006. My first book of bugs and spiders. Minnetonka, MN: Two-Can Pub.

Harvard

Phillips D. 1., . (2006). My first book of bugs and spiders. Minnetonka, MN: Two-Can Pub.

MLA

Phillips Dee 1967, . My first book of bugs and spiders. Minnetonka, MN: Two-Can Pub. 2006.

  • Place hold
  • Print
  • Cite
  • Add to your cart (remove)
  • Save record
    BIBTEX Dublin Core MARCXML MARC (non-Unicode/MARC-8) MARC (Unicode/UTF-8) MARC (Unicode/UTF-8, Standard) MODS (XML) RIS
  • More searches
    Search for this title in:
    Other Libraries (WorldCat) Other Databases (Google Scholar) Online Stores (Bookfinder.com) Open Library (openlibrary.org)

Exporting to Dublin Core...

SOUTHVILLE LIBRARY

Southville International School and Colleges Library

1281 Tropical Ave. Cor. Luxembourg St., BF Homes International, Las Pinas City

Tel. No. 8256374 / 252358 Loc. 117/146

Powered by Koha